• 首页
  • 本馆介绍
  • 公告通知
  • 最新文献
  • 馆藏检索
  • 电子资源
  • 读者导购
  • 参考咨询
  • 我的图书馆
  • 登录
  • 详细信息显示
  • 放入我的书架
  • 预约/预借图书
  • 作者相关作品
  • 分类相关作品
  • 丛书相关作品
  • 出版社相关作品

书目信息

  • 表格格式
  • 工作单格式
  • 卡片格式
题名:
世界征服者史
    
 
作者: 志费尼 著 ;何高济 译
分册:  
出版信息: 呼和浩特   内蒙古人民出版社  1980.5
页数: 1024页页
开本:
丛书名:
单 册:
中图分类: K247.06
科图分类:
主题词: 中国--历史
电子资源:
ISBN:
000 00572nam0 2200193 45
001 0312221749
005 20060814170225.98
010    @dCNY2.00
100    @a20031222d1980 km y0chiy0120 ea
101    @achi
200 1  @a世界征服者史@AShi Jie Zheng Fu Zhe Shi@f(伊朗)志费尼著@F(Yi Lang)Zhi Fei Ni Zhu@g何高济等译
210    @a呼和浩特@c内蒙古人民出版社@d1980.5
215    @a1024页页@c摹真,地?d20cm
606 0  @a中国@x历史
690    @aK247.06@v3
701 0  @a志费尼@4著
702 0  @a何高济@4译
801    @aCN@bTSTCL@c20060814
905    @a213230@dK247.06@e21:2@b228749-750@f2
    
    世界征服者史/(伊朗)志费尼著/何高济等译.-呼和浩特:内蒙古人民出版社,1980.5
    1024页页:摹真,地?d20cm
    
    
    ISBN :CNY2.00
    
●
相关链接 在E读中查询图书 在五车中查询图书 在当当中查询图书 在豆瓣中查询图书


正题名:世界征服者史     索取号:K247.06/21:2         预约/预借

序号 登录号 条形码 馆藏地/架位号 状态 备注
1 0228749   001833476   密集书库/ [索取号:K247.06/21:2] 在馆    
2 0228750   001833430   密集书库/ [索取号:K247.06/21:2] 在馆    
3 0435357   204353573   密集书库/ [索取号:K247.06/21:2] 在馆    
4 0435358   204353582   密集书库/ [索取号:K247.06/21:2] 在馆    
5 0462597   204625977   密集书库/ [索取号:K247.06/21:2] 在馆    
唐山师范学院图书馆 欢迎您!
大连网信软件有限公司© 版权所有